Historia del nombre en Colombia / (Registro nro. 6210)

Detalles MARC
000 -LEADER
fixed length control field 01144nam a2200241Ia 4500
003 - CONTROL NUMBER IDENTIFIER
control field OSt
005 - DATE AND TIME OF LATEST TRANSACTION
control field 20201013180620.0
008 - FIXED-LENGTH DATA ELEMENTS--GENERAL INFORMATION
fixed length control field 191128s1998 ck a gr 001 0 spa d
040 ## - CATALOGING SOURCE
Original cataloging agency CO-JMCR
Transcribing agency CO-JMCR
041 0# - LANGUAGE CODE
Language code of text/sound track or separate title spa
082 04 - DEWEY DECIMAL CLASSIFICATION NUMBER
Classification number 986.1 /
Item number C614h
Edition number 23
100 1# - MAIN ENTRY--PERSONAL NAME
Personal name Cock Hincapié, Olga,
Relator term autora
9 (RLIN) 11458
245 10 - TITLE STATEMENT
Title Historia del nombre en Colombia /
Statement of responsibility, etc. Olga Cock Hincapié
260 ## - PUBLICATION, DISTRIBUTION, ETC.
Place of publication, distribution, etc. Bogotá :
Name of publisher, distributor, etc. Instituto Caro y Cuervo,
Date of publication, distribution, etc. 1998
300 ## - PHYSICAL DESCRIPTION
Extent 352 páginas, [3] hojas de láminas :
Other physical details ilustraciones a blanco y negro ;
Dimensions 23 cm.
490 0# - SERIES STATEMENT
Series statement Publicaciones del Instituto Caro y Cuervo ;
Volume/sequential designation 99
500 ## - GENERAL NOTE
General note Incluye notas a pie de página e índice de nombres de personas, nombres geográficos e ilustraciones.
504 ## - BIBLIOGRAPHY, ETC. NOTE
Bibliography, etc. note Bibliografía: páginas [275]-296
505 0# - FORMATTED CONTENTS NOTE
Formatted contents note Antecedentes. La polémica sobre el nombre más justo del Nuevo Mundo. Diversos nombres derivados de de Cristóbal Colón que precedieron al nombre de Colombia -- El nombre Columbia en los Estados Unidos de América -- El nombre Colombia en Miranda
650 14 - SUBJECT ADDED ENTRY--TOPICAL TERM
Topical term or geographic name entry element Nombres geográficos
Geographic subdivision Colombia
9 (RLIN) 11459
650 14 - SUBJECT ADDED ENTRY--TOPICAL TERM
Topical term or geographic name entry element Toponimia
Geographic subdivision Colombia
9 (RLIN) 11460
942 ## - ADDED ENTRY ELEMENTS (KOHA)
Source of classification or shelving scheme Dewey Decimal Classification
Koha item type Books
Existencias
Withdrawn status Lost status Source of classification or shelving scheme Damaged status Not for loan Collection code Home library Current library Date acquired Source of acquisition Total Checkouts Full call number Barcode Date last seen Date last checked out Copy number Koha item type
    Dewey Decimal Classification     Non-fiction Biblioteca Pública José María del Castillo y Rada Biblioteca Pública José María del Castillo y Rada 04/15/2018 Donación 2 986.1 / C614h 201811455 10/14/2025 10/14/2025 Ej.1 Books